| 000 | 01006nam a2200301 a 4500 | ||
|---|---|---|---|
| 001 | 26489 | ||
| 003 | CO-ViMGA | ||
| 008 | 141112s2004 ck r 000 u spa d | ||
| 020 | _a9789588562933 | ||
| 040 |
_aCO-ViMGA _bspa _cCO-ViMGA |
||
| 041 | _aSPA | ||
| 090 | _aN CRU7 | ||
| 100 | 1 |
_aCruz, Alfonso, 1971 - _9798 |
|
| 245 | 1 | 0 |
_aEl pintor debajo del lavaplatos / _cAlfonso Cruz ; traducción Nicolás Barbosa López |
| 250 | _a1a ed. | ||
| 260 |
_aMedellín : _bTragaluz, _c2014 |
||
| 300 | _a133 p. : il. byn | ||
| 490 | _aLusitania | ||
| 500 | _aTítulo original : O pintor debaixo do lava - loiþas. Incluye reseñas biográficas del autor y el traductor en las solapas. | ||
| 650 | 1 | 4 |
_aAMOR - NOVELA _92654 |
| 650 | 1 | 4 |
_aAUTORES PORTUGUESES - SIGLO XXI _941383 |
| 650 | 1 | 4 |
_aDESDE LOS 15 AÑOS _91079 |
| 650 | 1 | 4 |
_aFAMILIA - NOVELA _92125 |
| 650 | 1 | 4 |
_aLITERATURA PORTUGUESA _9800 |
| 650 | 1 | 4 | _aMUERTE - NOVELA |
| 700 | 1 |
_aBarbosa López, Nicolás, 1988 - _9802 |
|
| 942 |
_2ddc _cBK |
||
| 999 |
_c2453 _d2453 |
||